000 00691nam a2200277Ia 4500
005 20260324113014.0
008 008 260324s9999 xx 000 0 eng d
020 _a9781003495352
037 _aEBOOK
040 _aCRL
040 _beng
040 _cCRL
041 _2eng
041 _aeng
084 _qCRL
100 _aMedani P. Bhandari
_91140003
245 4 _aThe Nexus of Climate Change and Land-use – Global Scenario with Reference to Nepal
260 _bTaylor and Francis
260 _c2024
365 _a
365 _b360
856 _uhttp://www.taylorfrancis.com/books/9781003495352
942 _cEBOOK
999 _c1734456
_d1734456